[Event "ITA-ch U16"]
[Site "Salsomaggiore Terme"]
[Date "2019.07.14"]
[Round "9"]
[White "Paduano, Claudio"]
[Black "Gazzotti, Francesco"]
[Result "1-0"]
[WhiteElo "2037"]
[BlackElo "1770"]
[PlyCount "57"]
[EventDate "2019.07.07"]
[EventType "swiss"]
[EventRounds "9"]
[EventCountry "ITA"]
[SourceTitle "EXT 2020"]
[Source "ChessBase"]
[SourceDate "2019.10.17"]
[SourceVersion "1"]
[SourceVersionDate "2019.10.17"]
[SourceQuality "1"]

1. d4 Nf6 2. c4 g6 3. Nc3 Bg7 4. e4 d6 5. f3 0-0 6. Be3 e5 7. d5 c6 8. Qd2 cxd5 9. cxd5 a6 10. 0-0-0 b5 11. Bh6 Qc7 12. Kb1 Nbd7 13. g4 Nc5 14. Rc1 Qb7 15. h4 b4 16. Nd1 Bd7 17. h5 Bb5 18. Bxg7 Kxg7 19. hxg6 fxg6 20. Qh6+ Kg8 21. Ne3 Nd3 22. Bxd3 Bxd3+ 23. Ka1 Rfc8 24. Re1 Qc7 25. Nh3 a5 26. Ng5 a4 27. Ne6 Qa7 28. g5 Ne8 29. Qf8# 1-0